| 000 | 00555nam a2200193 a 4500 | ||
|---|---|---|---|
| 003 | BD-DhJNU | ||
| 005 | 20250305050204.0 | ||
| 008 | 250204s2010 ii a b 001 0 eng | ||
| 040 |
_aBD-DhJNU _bENG _cBD-DhJNU _dBD-DhJNU |
||
| 082 | 0 | 0 |
_a297 RAI _223 |
| 100 | 1 | _aRahman, K M Mahmood ur | |
| 245 | 1 | 0 |
_aIslam and the global issues / _cK M Mahmood ur Rahman |
| 250 | _a1st ed. | ||
| 260 |
_aDhaka : _bK M Mahmood ur Rahman, _c2010. |
||
| 300 |
_a178 p. : _bill. ; _c23 cm. |
||
| 504 | _aIncludes bibliographical references | ||
| 650 | 0 | _aIslam | |
| 942 | _cBK | ||
| 999 |
_c1446 _d1446 |
||